[Event "TOP16-LaBourdannais"]
[Site "TOP16-LaBourdannais"]
[Date "2021.01.09"]
[Round "5"]
[White "PositionalChess"]
[Black "MeMouss"]
[Result "1/2-1/2"]
[WhiteElo "2180"]
[BlackElo "2002"]
[Annotator "TA"]
[PlyCount "137"]
[EventDate "2021.01.09"]
[EventType "blitz"]
[BlackTeam "Vandoeuvre"]

{[%evp 18,137,55,50,45,57,56,52,53,58,81,69,76,78,76,66,94,84,127,101,112,90,159,108,106,113,113,114,109,70,109,100,115,82,82,82,82,83,107,85,91,89,100,94,96,95,95,81,66,58,77,75,148,64,66,50,50,68,73,55,50,12,22,0,55,43,126,131,158,103,107,95,196,8,164,8,8,8,8,8,5210,0,0,0,8,8,29978,8,8,8,8,8,8,8,8,8,8,8,8,8,8,8,8,8,8,8,8,8,8,8,8,8,8,8,8,0,8,8,8,0,0,0]} 1. e4 c5 2. Nf3 e6 3. c3 Nf6 4. e5 Nd5 5. d4 cxd4 6. cxd4 d6 7. Bc4 Nb6 8. Bd3 Nc6 9. O-O Be7 10. Nc3 dxe5 {B22: Sicilian: 2 c3.} 11. dxe5 Nb4 12. Be4 Qxd1 {White is slightly better.} 13. Rxd1 {[#]} f5 $146 ({Predecessor:} 13... a6 14. a3 Nc6 15. Bf4 Bd7 16. Rac1 Rd8 17. h4 O-O 18. Ne2 Na5 19. Bg5 Bxg5 20. hxg5 {0-1 (34) Sipos,I (2447)-Groszpeter,A (2483) Kecskemet 2012}) 14. exf6 gxf6 15. a3 Nc6 16. Nb5 {Black must now prevent Nc7+.} O-O 17. Bh6 Rf7 18. Nfd4 Nxd4 19. Nxd4 Nd5 ({Black should play} 19... Nc4) 20. Nf5 Bf8 $16 21. Bxf8 Kxf8 22. Bxd5 exd5 23. Nd4 (23. Rxd5 Be6 $15) 23... Bd7 24. Rac1 Rd8 25. Rc7 Bg4 26. Rdc1 Rxc7 27. Rxc7 {[%mdl 4096] Endgame KRB-KRN} Rd7 28. Rc5 Ke7 29. f3 Bh5 30. Kf2 Kd6 31. Rc3 Bg6 32. Nb5+ Ke7 33. Re3+ Kf7 34. Nd4 a6 (34... Rc7 $142) 35. g4 ({Better is} 35. Re6 $16) 35... Rc7 $14 36. Rc3 Rxc3 37. bxc3 {KB-KN} Ke7 38. Ke3 Kd6 39. Nb3 Bc2 40. Nd4 Bg6 41. h4 Kc5 (41... h6 $1 $14) 42. h5 Bb1 43. h6 (43. f4 $142) 43... Kc4 $16 44. Kd2 a5 (44... b5 $16 {was necessary.}) 45. f4 $2 (45. a4 $18) 45... Be4 $2 (45... b5 $1 $11 {and Black stays safe.} 46. g5 fxg5 47. fxg5 Be4) 46. g5 $2 (46. a4 $18) 46... fxg5 $11 47. fxg5 {Strongly threatening Ne6.} b5 48. Ne6 Kb3 $2 {[%mdl 8192] [#]} (48... a4 $11) 49. Nf8 $2 ({White has to play} 49. Nc5+ $1 $18 Kc4 50. Nxe4) 49... Kxa3 {aiming for ...b4.} 50. g6 $1 {[%cal Rg6h7]} b4 51. cxb4 Bxg6 $2 {[%mdl 8192]} (51... axb4 $11 52. gxh7 (52. g7 b3 $11) 52... Bxh7 53. Nxh7 b3) 52. Nxg6 $2 (52. bxa5 {mates} Be4 53. a6 d4 {[#]} 54. Nxh7 $1 {[%mdl 512]} Kb4 55. Nf6 Bf3 56. h7 Bc6 57. h8=Q) 52... axb4 {Threatens to win with ...b3. KN-K3P. The position is equal.} 53. Ne7 ({Don't go for} 53. Nf8 $2 b3 $19) 53... d4 {...b3 is the strong threat.} 54. Nc6 b3 {Hoping for ...b2.} 55. Nxd4 {KN-KPP} b2 56. Nb5+ $1 ({Avoid the trap} 56. Kc2 $2 Ka2 $19) 56... Ka2 57. Nc3+ Kb3 58. Kd3 Kb4 59. Nb1 Kc5 60. Nd2 Kd5 61. Kc3 Ke5 (61... b1=Q {keeps more tension.} 62. Nxb1 Ke5 63. Na3 Kf5 64. Nc4 Kg6) 62. Kxb2 {KN-KP} Kf5 63. Nf3 Kg6 64. Ne5+ Kxh6 65. Kc3 Kg5 66. Kd4 h5 67. Ke4 h4 68. Nf3+ Kg4 69. Nxh4 {Weighted Error Value: White=0.45/Black=0.26} 1/2-1/2

[Event "TOP16-LaBourdannais"]
[Site "TOP16-LaBourdannais"]
[Date "2021.01.09"]
[Round "5"]
[White "Burrito2001"]
[Black "Risso"]
[Result "1-0"]
[WhiteElo "1916"]
[BlackElo "1940"]
[Annotator "NA RC"]
[PlyCount "55"]
[EventDate "2021.01.09"]
[EventType "blitz"]

1. d4 {[%emt 0:00:03]} Nf6 {[%emt 0:00:02]} 2. c4 {[%emt 0:00:01]} g6 {[%emt 0:00:01]} 3. Nc3 {[%emt 0:00:01]} d5 {[%emt 0:00:00]} 4. cxd5 {[%emt 0:00:01]} Nxd5 {[%emt 0:00:00]} 5. e4 {[%emt 0:00:01]} Nxc3 {[%emt 0:00:01]} 6. bxc3 {[%emt 0:00:00]} Bg7 {[%emt 0:00:00]} 7. Nf3 {[%emt 0:00:01]} c5 {[%emt 0:00:01]} 8. Bb5+ {[%emt 0:00:00]} Nc6 {[%emt 0:00:01]} 9. O-O {[%emt 0:00:01]} O-O {[%emt 0:00:05]} 10. Be3 {[%emt 0:00:04]} Bg4 {[%emt 0:00:16]} 11. Bxc6 {[%emt 0:00:06]} bxc6 {[%emt 0:00:01]} 12. Rc1 {[%emt 0:00:02]} Qa5 {[%emt 0:00:50]} 13. Qe2 {[%emt 0:00:22]} Bxf3 {[%emt 0:00:24]} 14. gxf3 {[%emt 0:00:03]} Rfd8 {[%emt 0:00:11]} 15. Qc4 {[%emt 0:00:14]} cxd4 {[%emt 0:00:39]} 16. cxd4 {[%emt 0:00:03]} Qh5 {[%emt 0:00:01]} 17. Kg2 {[%emt 0:00:06]} Rac8 {[%emt 0:00:26]} 18. Rfd1 {[%emt 0:00:59]} e6 {[%emt 0:01:06]} 19. Qc5 {[%emt 0:00:57]} f5 {[%emt 0:01:08]} 20. Qe7 {[%emt 0:00:36]} Re8 {[%emt 0:00:11]} 21. Qg5 {[%emt 0:00:03]} Qxg5+ {[%emt 0:00:28]} 22. Bxg5 {[%emt 0:00:00]} e5 {[%emt 0:00:11]} 23. exf5 {[%emt 0:00:57]} gxf5 {[%emt 0:00:01]} 24. dxe5 {[%emt 0:00:01]} Rxe5 {[%emt 0:00:01]} 25. Rd7 {[%emt 0:00:02]} h6 {[%emt 0:00:01]} 26. Be3 {[%emt 0:00:03]} Ra5 {[%emt 0:00:02]} 27. Kh3 {[%emt 0:00:33]} Rxa2 {[%emt 0:00:02]} 28. Rg1 {[%emt 0:00:02] Risso resigns (Lag: Av=0.76s, max=1.1s)} 1-0

[Event "TOP16-LaBourdannais"]
[Site "TOP16-LaBourdannais"]
[Date "2021.01.09"]
[Round "5"]
[White "amiralfio"]
[Black "Pierre35"]
[Result "0-1"]
[WhiteElo "1829"]
[BlackElo "1913"]
[Annotator "NA RC"]
[PlyCount "122"]
[EventDate "2021.01.09"]
[EventType "blitz"]

1. d4 {[%emt 0:00:02]} d5 {[%emt 0:00:05]} 2. Bf4 {[%emt 0:00:01]} c5 {[%emt 0:00:03]} 3. e3 {[%emt 0:00:01]} Nc6 {[%emt 0:00:04]} 4. Nf3 {[%emt 0:00:08]} Nf6 {[%emt 0:00:05]} 5. Nbd2 {[%emt 0:00:03]} cxd4 {[%emt 0:00:08]} 6. exd4 {[%emt 0:00:01]} Bf5 {[%emt 0:00:02]} 7. c3 {[%emt 0:00:04]} a6 {[%emt 0:00:07]} 8. Qb3 {[%emt 0:00:02]} Na5 {[%emt 0:00:11]} 9. Qd1 {[%emt 0:00:10]} e6 {[%emt 0:00:02]} 10. Ne5 {[%emt 0:00:20]} Bd6 {[%emt 0:00:11]} 11. b4 {[%emt 0:00:33]} Nc6 {[%emt 0:00:14]} 12. Nxc6 {[%emt 0:00:03]} bxc6 {[%emt 0:00:00]} 13. Bxd6 {[%emt 0:00:01]} Qxd6 {[%emt 0:00:01]} 14. Nb3 {[%emt 0:00:06]} O-O {[%emt 0:00:26]} 15. Be2 {[%emt 0:00:12]} e5 {[%emt 0:00:29]} 16. O-O {[%emt 0:00:17]} Rfe8 {[%emt 0:00:02]} 17. Re1 {[%emt 0:00:15]} Ra7 {[%emt 0:00:27]} 18. a4 {[%emt 0:00:04]} h6 {[%emt 0:00:05]} 19. a5 {[%emt 0:00:06]} Bc8 {[%emt 0:00:14]} 20. Bf1 {[%emt 0:01:41]} Rae7 {[%emt 0:00:36]} 21. Nc5 {[%emt 0:00:13]} Ng4 {[%emt 0:00:08]} 22. g3 {[%emt 0:00:29]} e4 {[%emt 0:01:06]} 23. Bxa6 {[%emt 0:00:51]} e3 {[%emt 0:00:32]} 24. f3 {[%emt 0:00:24]} Nf2 {[%emt 0:00:19]} 25. Qe2 {[%emt 0:00:01]} Bxa6 {[%emt 0:00:27]} 26. Nxa6 {[%emt 0:00:00]} h5 {[%emt 0:00:02]} 27. Nc5 {[%emt 0:00:09]} h4 {[%emt 0:00:01]} 28. Kg2 {[%emt 0:00:04]} f5 {[%emt 0:00:12]} 29. a6 {[%emt 0:00:02]} Qg6 {[%emt 0:00:02]} 30. f4 {[%emt 0:00:03]} Ne4 {[%emt 0:00:03]} 31. Nxe4 {[%emt 0:00:05]} Rxe4 {[%emt 0:00:01]} 32. a7 {[%emt 0:00:02]} Ra8 {[%emt 0:00:04]} 33. Qf3 {[%emt 0:00:01]} Qf7 {[%emt 0:00:03]} 34. Rxe3 {[%emt 0:00:02]} Rxa7 {[%emt 0:00:01]} 35. Ree1 {[%emt 0:00:04]} Qe7 {[%emt 0:00:02]} 36. Rxa7 {[%emt 0:00:02]} Qxa7 {[%emt 0:00:00]} 37. Rxe4 {[%emt 0:00:04]} dxe4 {[%emt 0:00:02]} 38. Qe3 {[%emt 0:00:07]} Qa2+ {[%emt 0:00:05]} 39. Kh3 {[%emt 0:00:01]} hxg3 {[%emt 0:00:02]} 40. hxg3 {[%emt 0:00:01]} Kf7 {[%emt 0:00:02]} 41. g4 {[%emt 0:00:02]} g6 {[%emt 0:00:02]} 42. Kg3 {[%emt 0:00:04]} Ke6 {[%emt 0:00:02]} 43. gxf5+ {[%emt 0:00:04]} gxf5 {[%emt 0:00:00]} 44. Qe1 {[%emt 0:00:04]} Qc2 {[%emt 0:00:03]} 45. Qe3 {[%emt 0:00:03]} Kd5 {[%emt 0:00:02]} 46. Qe1 {[%emt 0:00:03]} Kc4 {[%emt 0:00:03]} 47. Kh4 {[%emt 0:00:01]} Qxc3 {[%emt 0:00:02]} 48. Qf1+ {[%emt 0:00:03]} Kxd4 {[%emt 0:00:02]} 49. Kg5 {[%emt 0:00:06]} e3 {[%emt 0:00:01]} 50. Qd1+ {[%emt 0:00:04]} Qd3 {[%emt 0:00:03]} 51. Qa1+ {[%emt 0:00:01]} Ke4 {[%emt 0:00:13]} 52. Qh1+ {[%emt 0:00:01]} Kd4 {[%emt 0:00:01]} 53. Qa1+ {[%emt 0:00:01]} Kc4 {[%emt 0:00:02]} 54. Qa6+ {[%emt 0:00:02]} Kc3 {[%emt 0:00:17]} 55. Qa3+ {[%emt 0:00:01]} Kd2 {[%emt 0:00:00]} 56. Qb2+ {[%emt 0:00:02]} Kd1 {[%emt 0:00:02]} 57. Qa1+ {[%emt 0:00:02]} Ke2 {[%emt 0:00:02]} 58. Qa2+ {[%emt 0:00:07]} Kf1 {[%emt 0:00:03]} 59. Qa1+ {[%emt 0:00:05]} Kf2 {[%emt 0:00:02]} 60. Qa2+ {[%emt 0:00:07]} e2 {[%emt 0:00:02]} 61. Qb2 {[%emt 0:00:01]} Kf1 {[%emt 0:00:03] TimeW} 0-1

[Event "TOP16-LaBourdannais"]
[Site "TOP16-LaBourdannais"]
[Date "2021.01.09"]
[Round "5"]
[White "Lyon-YOUNES"]
[Black "maten3coups"]
[Result "1/2-1/2"]
[WhiteElo "1821"]
[BlackElo "1645"]
[Annotator "NA RC"]
[PlyCount "99"]
[EventDate "2021.01.09"]
[EventType "blitz"]

1. Nf3 {[%emt 0:00:05]} c5 {[%emt 0:00:05]} 2. c4 {[%emt 0:00:01]} Nc6 {[%emt 0:00:02]} 3. Nc3 {[%emt 0:00:01]} g6 {[%emt 0:00:02]} 4. g3 {[%emt 0:00:01]} Bg7 {[%emt 0:00:01]} 5. Bg2 {[%emt 0:00:00]} e6 {[%emt 0:00:01]} 6. O-O {[%emt 0:00:02]} Nge7 {[%emt 0:00:01]} 7. e3 {[%emt 0:00:05]} O-O {[%emt 0:00:03]} 8. d4 {[%emt 0:00:02]} cxd4 {[%emt 0:00:01]} 9. Nxd4 {[%emt 0:00:19]} d5 {[%emt 0:00:41]} 10. cxd5 {[%emt 0:00:44]} exd5 {[%emt 0:00:02]} 11. Nxc6 {[%emt 0:00:19]} bxc6 {[%emt 0:00:00]} 12. Bd2 {[%emt 0:00:02]} Rb8 {[%emt 0:00:07]} 13. b3 {[%emt 0:00:32]} Ba6 {[%emt 0:00:22]} 14. Re1 {[%emt 0:00:03]} Nf5 {[%emt 0:00:23]} 15. Rc1 {[%emt 0:00:04]} d4 {[%emt 0:00:29]} 16. exd4 {[%emt 0:00:06]} Nxd4 {[%emt 0:00:00]} 17. Be3 {[%emt 0:00:20]} c5 {[%emt 0:00:12]} 18. Na4 {[%emt 0:00:12]} Ne2+ {[%emt 0:00:03]} 19. Rxe2 {[%emt 0:00:15]} Qxd1+ {[%emt 0:00:02]} 20. Rxd1 {[%emt 0:00:00]} Bxe2 {[%emt 0:00:01]} 21. Re1 {[%emt 0:00:13]} Bb5 {[%emt 0:00:26]} 22. Nxc5 {[%emt 0:00:21]} Rfc8 {[%emt 0:00:23]} 23. Bf4 {[%emt 0:00:59]} Rb6 {[%emt 0:00:12]} 24. Ne4 {[%emt 0:00:05]} Re8 {[%emt 0:00:22]} 25. Be3 {[%emt 0:00:22]} Ra6 {[%emt 0:00:16]} 26. a4 {[%emt 0:00:06]} Bc6 {[%emt 0:01:19]} 27. Nc5 {[%emt 0:00:06]} Rb6 {[%emt 0:00:08]} 28. a5 {[%emt 0:00:08]} Bxg2 {[%emt 0:00:16]} 29. axb6 {[%emt 0:00:02]} axb6 {[%emt 0:00:01]} 30. Kxg2 {[%emt 0:00:08]} bxc5 {[%emt 0:00:01]} 31. Rc1 {[%emt 0:00:02]} Bd4 {[%emt 0:00:22]} 32. Bxd4 {[%emt 0:00:07]} cxd4 {[%emt 0:00:00]} 33. Rd1 {[%emt 0:00:01]} Rb8 {[%emt 0:00:05]} 34. Rxd4 {[%emt 0:00:39]} Rxb3 {[%emt 0:00:02] Lyon-YOUNES offers a draw} 35. Rd7 {[%emt 0:00:05]} g5 {[%emt 0:00:03]} 36. Rd6 {[%emt 0:00:03]} Kg7 {[%emt 0:00:01]} 37. Rc6 {[%emt 0:00:01]} f6 {[%emt 0:00:01]} 38. Rc8 {[%emt 0:00:02]} h5 {[%emt 0:00:05]} 39. h3 {[%emt 0:00:01]} Ra3 {[%emt 0:00:04]} 40. Rb8 {[%emt 0:00:03]} Kg6 {[%emt 0:00:03]} 41. Rc8 {[%emt 0:00:03]} Ra1 {[%emt 0:00:10]} 42. Rg8+ {[%emt 0:00:02]} Kh7 {[%emt 0:00:01]} 43. Rf8 {[%emt 0:00:02]} Kg7 {[%emt 0:00:01]} 44. Rb8 {[%emt 0:00:01]} Ra7 {[%emt 0:00:01]} 45. Kf3 {[%emt 0:00:04]} Kg6 {[%emt 0:00:02]} 46. Rg8+ {[%emt 0:00:02]} Kf7 {[%emt 0:00:01]} 47. Rb8 {[%emt 0:00:03]} Ra3+ {[%emt 0:00:01]} 48. Kg2 {[%emt 0:00:02]} Kg6 {[%emt 0:00:01]} 49. Rg8+ {[%emt 0:00:02]} Kf5 {[%emt 0:00:01]} 50. Rh8 {[%emt 0:00:01] maten3coups propose la nulle} 1/2-1/2

[Event "TOP16-LaBourdannais"]
[Site "TOP16-LaBourdannais"]
[Date "2021.01.09"]
[Round "5"]
[White "Babota"]
[Black "Brunico2016"]
[Result "1-0"]
[WhiteElo "1709"]
[BlackElo "1893"]
[Annotator "NA RC"]
[PlyCount "33"]
[EventDate "2021.01.09"]
[EventType "blitz"]
[TimeControl "300+3"]

1. e4 {[%emt 0:00:04]} c5 {[%emt 0:00:01]} 2. Nf3 {[%emt 0:00:02]} d6 {[%emt 0:00:02]} 3. Bb5+ {[%emt 0:00:02]} Nd7 {[%emt 0:00:03]} 4. Ba4 {[%emt 0:00:01]} Ngf6 {[%emt 0:00:06]} 5. O-O {[%emt 0:00:01]} e6 {[%emt 0:00:12]} 6. c4 {[%emt 0:00:04]} Nxe4 {[%emt 0:00:12]} 7. Re1 {[%emt 0:00:02]} Nef6 {[%emt 0:00:02]} 8. d4 {[%emt 0:00:03]} cxd4 {[%emt 0:00:06]} 9. Nxd4 {[%emt 0:00:00]} Be7 {[%emt 0:00:01]} 10. Rxe6 {[%emt 0:00:16]} fxe6 {[%emt 0:00:07]} 11. Nxe6 {[%emt 0:00:02]} Qa5 {[%emt 0:00:07]} 12. Bd2 {[%emt 0:00:28]} Qb6 {[%emt 0:00:32]} 13. c5 {[%emt 0:00:08]} dxc5 {[%emt 0:00:06]} 14. Qe1 {[%emt 0:00:42]} Kf7 {[%emt 0:00:35]} 15. Bb3 {[%emt 0:00:20]} c4 {[%emt 0:01:23]} 16. Bxc4 {[%emt 0:00:10]} Qc6 {[%emt 0:00:01]} 17. Nd8+ {[%emt 0:00:03] Brunico2016 abandonne} 1-0

[Event "TOP16-LaBourdannais"]
[Site "TOP16-LaBourdannais"]
[Date "2021.01.09"]
[Round "6"]
[White "ProfTerrieux"]
[Black "Burrito2001"]
[Result "1-0"]
[WhiteElo "2450"]
[BlackElo "1982"]
[Annotator "NA RC"]
[PlyCount "69"]
[EventDate "2021.01.09"]
[EventType "blitz"]

1. d4 {[%emt 0:00:02]} d5 {[%emt 0:00:03]} 2. Bf4 {[%emt 0:00:04]} Nf6 {[%emt 0:00:04]} 3. Nc3 {[%emt 0:00:02]} c5 {[%emt 0:00:32]} 4. e3 {[%emt 0:00:01]} cxd4 {[%emt 0:00:02]} 5. exd4 {[%emt 0:00:00]} a6 {[%emt 0:00:02]} 6. Nf3 {[%emt 0:00:02]} Nc6 {[%emt 0:00:01]} 7. Ne5 {[%emt 0:00:01]} Qb6 {[%emt 0:00:31]} 8. Nxc6 {[%emt 0:00:03]} Qxc6 {[%emt 0:00:03]} 9. Bd3 {[%emt 0:00:13]} Bg4 {[%emt 0:00:01]} 10. Ne2 {[%emt 0:00:14]} e6 {[%emt 0:00:03]} 11. O-O {[%emt 0:00:03]} Be7 {[%emt 0:00:03]} 12. Qd2 {[%emt 0:00:02]} O-O {[%emt 0:00:01]} 13. Ng3 {[%emt 0:00:05]} Rac8 {[%emt 0:00:13]} 14. Be5 {[%emt 0:00:07]} Ne4 {[%emt 0:00:35]} 15. Bxe4 {[%emt 0:00:17]} dxe4 {[%emt 0:00:00]} 16. c3 {[%emt 0:00:01]} Qd5 {[%emt 0:00:11]} 17. Rfe1 {[%emt 0:00:29]} Bf5 {[%emt 0:00:03]} 18. Qe2 {[%emt 0:00:23]} b5 {[%emt 0:00:13]} 19. a3 {[%emt 0:00:11]} a5 {[%emt 0:00:04]} 20. Nxe4 {[%emt 0:00:09]} b4 {[%emt 0:00:03]} 21. axb4 {[%emt 0:00:02]} axb4 {[%emt 0:00:00]} 22. Rac1 {[%emt 0:00:11]} bxc3 {[%emt 0:00:22]} 23. bxc3 {[%emt 0:00:15]} Bxe4 {[%emt 0:00:26]} 24. Qxe4 {[%emt 0:00:02]} Qxe4 {[%emt 0:00:00]} 25. Rxe4 {[%emt 0:00:01]} Rc4 {[%emt 0:00:01]} 26. Bf4 {[%emt 0:00:21]} Ba3 {[%emt 0:00:08]} 27. Rc2 {[%emt 0:00:29]} Rfc8 {[%emt 0:00:06]} 28. Bd2 {[%emt 0:00:01]} Be7 {[%emt 0:00:13]} 29. Kf1 {[%emt 0:00:16]} Bf6 {[%emt 0:00:04]} 30. Rc1 {[%emt 0:00:27]} e5 {[%emt 0:00:10]} 31. Rce1 {[%emt 0:00:24]} Rd8 {[%emt 0:00:21]} 32. dxe5 {[%emt 0:00:19]} Rxe4 {[%emt 0:00:04]} 33. Rxe4 {[%emt 0:00:01]} Rxd2 {[%emt 0:00:02]} 34. exf6 {[%emt 0:00:04]} g6 {[%emt 0:00:01]} 35. Re8# {[%emt 0:00:02] (Lag: Av=0.97s, max=1.4s)} 1-0

[Event "TOP16-LaBourdannais"]
[Site "TOP16-LaBourdannais"]
[Date "2021.01.09"]
[Round "6"]
[White "Soumcouy"]
[Black "Babota"]
[Result "1-0"]
[WhiteElo "2078"]
[BlackElo "1815"]
[Annotator "TA"]
[PlyCount "93"]
[EventDate "2021.01.09"]
[EventType "blitz"]

{[%evp 19,93,29,26,17,16,12,50,23,30,25,18,20,37,8,8,-34,13,7,25,12,41,36,49,37,41,22,34,33,40,34,38,41,88,20,50,0,4,0,0,0,0,0,0,0,0,0,0,0,152,152,29994,-136,-143,-135,-134,-123,-109,-123,-71,-63,-24,-46,0,-25,0,0,0,0,0,0,0,0,579,579,29997,29998]} 1. e4 c5 2. Nf3 Nc6 3. d4 cxd4 4. Nxd4 e5 5. Nb5 d6 6. c4 Be7 7. N1c3 a6 8. Na3 Nf6 9. Bd3 O-O 10. O-O Be6 11. Nc2 {B32: Sicilian: Löwenthal and Kalashnikov Variations.} Rc8 12. Ne3 {[#]} Na5 $146 {[%cal Ra5c4,Bc6a5,Ba5b7,Bb7c5][%mdl 32]} ({Predecessor:} 12... Nd7 13. Ncd5 Bg5 14. b3 g6 15. Kh1 Nc5 16. Bb2 Ne7 17. f4 Bxd5 18. exd5 exf4 {1-0 (38) Ladron de Guevara Pinto,P (2427)-Arakhamia Grant,K (2345) Douglas 2018}) 13. b3 {White is slightly better.} b5 {[%cal Rb5c4]} 14. Ncd5 bxc4 15. bxc4 Nb7 16. Nxf6+ Bxf6 17. a4 Nc5 18. Ba3 Bg5 19. Nd5 Bxd5 20. cxd5 Qa5 21. Bxc5 Rxc5 22. Qe2 Ra8 23. Rfb1 h6 24. g3 Bd2 25. Rb7 Bc3 26. Ra2 ({White should play} 26. Rab1 $16) 26... Bd4 27. Qf3 $40 {[%mdl 128] White mounts an attack.} Rc7 28. Rxc7 (28. Rb1 {is more complex.} Rc3 29. Kg2 Qd8 30. Rb7 Qf8 31. a5) 28... Qxc7 29. Rc2 Bc5 30. Rb2 Qa5 31. Rb7 Rf8 32. Qd1 Bd4 33. Kg2 f5 $2 (33... g6 $11) 34. Qh5 $16 {Threatening mate with Qg6!} Qd2 $2 {[#]} ({Weaker is} 34... fxe4 35. Qg6 $1 Rxf2+ 36. Kh3 Rxh2+ 37. Kxh2 Qd2+ 38. Kh3 Qh2+ 39. Kxh2 Bg1+ 40. Kxg1 exd3 41. Qxg7#) (34... Qd8 $16) 35. Qe2 $2 (35. Qg6 $1 {mates} Qxf2+ 36. Kh3 Qxh2+ 37. Kxh2 Bg1+ 38. Kxg1 Rf7 39. Qxf7+ Kh8 40. Qxg7#) 35... Qxe2 $17 36. Bxe2 fxe4 {[%mdl 4096] Endgame KRB-KRB} 37. f3 a5 38. Rb5 exf3+ ({Black should try} 38... g5 39. h3 h5) 39. Bxf3 Bc3 40. Be4 Bb4 41. Rb7 Bc5 42. h4 Rf2+ 43. Kh3 Kf8 44. h5 Ra2 45. Bg6 Rxa4 $2 {[%mdl 8192]} (45... Ra3 $11 {and Black has nothing to worry.}) 46. Rf7+ $18 Kg8 {...Rb4 is the strong threat.} 47. Re7 {[%cal Re7e8] Weighted Error Value: White=0.26/Black=0.76} 1-0

[Event "TOP16-LaBourdannais"]
[Site "TOP16-LaBourdannais"]
[Date "2021.01.09"]
[Round "6"]
[White "MeMouss"]
[Black "Lyon-YOUNES"]
[Result "1-0"]
[WhiteElo "2010"]
[BlackElo "1788"]
[Annotator "TA"]
[PlyCount "121"]
[EventDate "2021.01.09"]
[EventType "blitz"]
[WhiteTeam "Vandoeuvre"]

{[%evp 20,121,-14,-20,-15,-21,-20,-33,-31,-33,-32,-39,-31,-35,-34,-34,-26,-31,-28,-35,-35,-27,-28,-43,-26,-22,18,7,71,68,69,69,102,92,187,208,192,208,464,464,445,421,442,432,504,360,324,0,678,265,257,215,358,329,461,464,459,458,429,452,490,411,637,613,630,362,346,0,0,0,0,0,0,0,0,0,0,0,14,0,0,0,14,14,137,216,1031,14,29985,29986,29985,29977,29976,29977,29977,29978,29978,29979,29982,29983,29984,29969,29989,29990]} 1. e4 g6 2. d4 Bg7 3. c4 d6 4. Nc3 e5 5. dxe5 dxe5 6. Qxd8+ Kxd8 7. Bg5+ f6 8. O-O-O+ Nd7 9. Be3 Bh6 10. Nd5 Bxe3+ 11. Nxe3 c6 {A42: Modern Defence: Averbakh Variation.} 12. g3 Kc7 13. Bh3 Nc5 {Black is slightly better.} 14. Bxc8 Rxc8 15. f3 $1 {[#]} Nh6 $146 ({Predecessor:} 15... a5 16. Ne2 Nh6 17. b3 Rhf8 18. Nc3 f5 19. Rhf1 Rf7 20. Kd2 Ne6 21. Nc2 Nd4 22. Nxd4 exd4 {0-1 (42) Riegler,D (2195)-Degenhardt,H (2345) Badenweiler 1995}) 16. Ne2 Nf7 17. h4 Rcd8 18. Kc2 Ne6 (18... a5 {with more complications.} 19. Rxd8 Rxd8 20. Rd1 Rf8 21. b3 h5) 19. Kc3 h5 20. Rxd8 Rxd8 21. Rd1 Rf8 22. b4 a5 23. bxa5 Ra8 (23... Nc5 $11) 24. Kb4 $16 Nd6 25. c5 Nb5 26. Nc4 Ned4 (26... Rd8 $16 {was called for.} 27. Rxd8 Kxd8) 27. Nxd4 $18 Nxd4 {[%mdl 4096] Endgame KRN-KRN} 28. f4 Re8 $2 (28... Rf8 29. fxe5 fxe5 30. Nxe5 Re8) 29. fxe5 fxe5 30. Rf1 Re7 31. Rf6 Rg7 32. Nb6 {[#] Threatening mate with Rf8.} Kd8 33. Nc4 $2 ({White should play} 33. Rf8+ $18 Ke7 34. Rb8) 33... Ne2 $2 {[%mdl 8192]} (33... Kc7 $11 34. Nd6 Rh7 35. Rxg6 Nc2+ 36. Kb3 Nd4+ 37. Kc4 Re7) 34. Rd6+ $2 (34. Rf8+ Ke7 35. Rb8) 34... Kc7 35. Nxe5 Nxg3 (35... Re7 $142) 36. a6 {And now a7 would win.} ({Weaker is} 36. Rxg6 Rxg6 37. Nxg6 Kd7 $18) 36... bxa6 (36... Kb8 $142 37. axb7 (37. Rxg6 Rxg6 38. Nxg6 Nxe4 $18) 37... Rxb7+ 38. Kc4 Nxe4) 37. Rxc6+ Kb7 38. Rb6+ Kc8 39. Rxa6 Nxe4 40. Rxg6 Re7 (40... Rb7+ $142 41. Kc4 Re7) 41. Nc4 Rf7 42. Re6 Rf4 {intending ...Nd2.} 43. c6 $2 ({Only move:} 43. Nb6+ $18 Kd8 44. Nd5 Rxh4 45. Kb5 Nxc5 46. Kxc5) 43... Nd2 $11 44. Rh6 Rxc4+ {KRN-KR} 45. Kb5 Rxh4 46. a4 Nb1 47. Rh8+ (47. Kc5 {keeps more tension.} Rxa4 48. Rh8+ Kc7 49. Rh7+ Kc8 50. Rh8+) 47... Kc7 {aiming for ...Nc3+.} 48. Rh7+ Kd6 49. Rh6+ Kc7 {...Nc3+ is the strong threat.} 50. Rh7+ Kd6 {Strongly threatening ...Nc3+.} 51. Rd7+ Ke6 (51... Ke5 $1 $11 {keeps the balance.}) 52. Rd3 $16 {[%mdl 1024] Hoping for a5. White has strong compensation.} Rg4 $2 (52... Rh2 53. c7 Na3+ 54. Kc6 (54. Rxa3 Kd7 $11) 54... Rc2+ 55. Kb7 Rb2+ 56. Ka7 Rc2) 53. c7 $2 (53. a5 $18) 53... Rg8 $2 {[%mdl 8192] [#] This move loses the game for Black.} (53... Na3+ $11 54. Rxa3 Kd7) 54. Rd8 {White mates.} Rg5+ 55. Ka6 Rc5 56. c8=Q+ Rxc8 57. Rxc8 Nd2 58. Rh8 Nb3 59. Rxh5 Kd6 60. Rb5 Kc6 61. Rxb3 {Weighted Error Value: White=0.50/Black=0.51} 1-0

[Event "TOP16-LaBourdannais"]
[Site "TOP16-LaBourdannais"]
[Date "2021.01.09"]
[Round "6"]
[White "Pierre35"]
[Black "jncool68"]
[Result "1/2-1/2"]
[WhiteElo "1960"]
[BlackElo "2416"]
[Annotator "NA RC"]
[PlyCount "36"]
[EventDate "2021.01.09"]
[EventType "blitz"]
[TimeControl "300+3"]

1. e4 {[%emt 0:00:09]} e5 {[%emt 0:00:02]} 2. Nf3 {[%emt 0:00:02]} Nc6 {[%emt 0:00:01]} 3. Bb5 {[%emt 0:00:03]} a6 {[%emt 0:00:01]} 4. Ba4 {[%emt 0:00:01]} Nf6 {[%emt 0:00:01]} 5. O-O {[%emt 0:00:02]} Be7 {[%emt 0:00:01]} 6. Re1 {[%emt 0:00:01]} b5 {[%emt 0:00:01]} 7. Bb3 {[%emt 0:00:01]} d6 {[%emt 0:00:00]} 8. c3 {[%emt 0:00:02]} O-O {[%emt 0:00:00]} 9. h3 {[%emt 0:00:01]} Bb7 {[%emt 0:00:02]} 10. d3 {[%emt 0:00:02]} Re8 {[%emt 0:00:06]} 11. Nbd2 {[%emt 0:00:03]} Bf8 {[%emt 0:00:01]} 12. Nf1 {[%emt 0:00:02]} h6 {[%emt 0:00:08]} 13. Ng3 {[%emt 0:00:04]} d5 {[%emt 0:00:16]} 14. exd5 {[%emt 0:00:38]} Nxd5 {[%emt 0:00:01]} 15. d4 {[%emt 0:00:01]} Nb6 {[%emt 0:00:24]} 16. dxe5 {[%emt 0:00:17]} Qxd1 {[%emt 0:00:04]} 17. Bxd1 {[%emt 0:00:03]} Nc4 {[%emt 0:00:02]} 18. e6 {[%emt 0:00:53]} Rxe6 {[%emt 0:00:16] jncool68 propose la nulle} 1/2-1/2